The mother /

Bibliographic Details
Main Author: Asch, Sholem, 1880-1957
Other Authors: Ausubel, Nathan
Format: Book
Language:English
Published: New York : H. Liveright, 1930.

MARC

Tag First Indicator Second Indicator Subfields
LEADER 00000cam a2200000 4500
001 in00000488621
005 20151013055241.0
008 751028s1930 nyu 00011 eng
010 |a  30025746  
035 |a (OCoLC)01741814 
035 |9 ACC4930AM 
040 |a DLC  |c FHM  |d TXA  |d UtOrBLW 
049 |a TXAM  |c 1 [73502], 2 [1141089] 
050 0 0 |a PZ3.A798  |b Mo 
100 1 |a Asch, Sholem,  |d 1880-1957. 
245 1 4 |a The mother /  |c by Sholom Asch, translated by Nathan Ausubel; preface by Ludwig Lewisohn. 
264 1 |a New York :  |b H. Liveright,  |c 1930. 
300 |a vi, 350 pages ;  |c 20 cm. 
336 |a text  |b txt  |2 rdacontent 
337 |a unmediated  |b n  |2 rdamedia 
338 |a volume  |b nc  |2 rdacarrier 
700 1 |a Ausubel, Nathan. 
999 |a MARS 
999 f f |s 846e3b06-250c-304f-9eec-43fae7772b96  |i 21e66abf-bf02-31c6-aefc-ae4da23c604c  |t 0 
952 f f |p ric  |a Texas A&M University  |b Rellis Campus  |c Joint Library Facility  |s JLF  |d Remote Storage  |t 0  |e PZ3.A798 Mo  |h Library of Congress classification  |i unmediated -- volume  |m A14804196020 
998 f f |a PZ3.A798 Mo  |t 0  |l Remote Storage